Tate Mcrae - Feel like sh*t lyrics - Statistics

General Stats
  • This quiz has been taken 163 times
  • The average score is 255 of 339
Answer Stats
Answer % Correct
feel
98%
i
98%
a
95%
like
94%
shit
93%
you
93%
the
91%
and
90%
to
90%
it
89%
now
88%
but
84%
just
84%
us
84%
we
84%
at
83%
all
82%
be
82%
i'm
82%
im
82%
night
82%
do
80%
didn't
79%
didnt
79%
first
79%
on
79%
so
79%
call
78%
in
78%
my
78%
even
77%
its
77%
last
77%
out
77%
that
77%
try
77%
i'll
76%
maybe
76%
oh
76%
thought
76%
time
76%
go
74%
say
74%
still
74%
think
74%
used
74%
very
74%
get
73%
of
73%
start
73%
when
73%
cry
72%
right
72%
usually
72%
your
72%
could
71%
die
71%
done
71%
for
71%
never
71%
part
71%
would
71%
been
70%
couple
70%
pretty
70%
sleep
70%
weeks
70%
won't
70%
wont
70%
about
68%
lie
68%
might
68%
tough
68%
with
68%
hardest
67%
was
67%
couldnt
66%
i'd
65%
stuck
65%
cant
63%
cause
63%
if
63%
myself
63%
lungs
61%
once
61%
only
61%
pulled
61%
really
61%
song
61%
arms
60%
help
59%
knew
59%
know
59%
knew
57%
playing
56%
wish
56%
fallin
55%
how
55%
apart
54%
not
54%
they
52%
felt
51%
is
51%
nights
51%
else
50%
hands
50%
somebody
50%
too
49%
waist
49%
were
49%
little
48%
one
48%
see
48%
well
48%
around
46%
met
46%
drunk
45%
forget
44%
kissed
44%
thinkin
44%
brain
43%
what
43%
damage
41%
goin
41%
through
41%
hopin
38%
shirt
38%
under
38%
floor
37%
bed
35%
have
35%
wore
34%
kick
33%
there
32%
No matching quizzes found
Score Distribution
Percent of People with Each Score
Percentile by Number Answered
Your Score History
You have not taken this quiz